Statistics for New Orleans Pelicans 40 Point Games

Click here to take the quiz!

General Stats

  • This quiz has been taken 19 times
  • The average score is 5 of 9

Answer Stats

Player Max Nb % Correct
Anthony Davis5930
100%
Chris Paul435
81%
Brandon Ingram492
69%
David West445
63%
DeMarcus Cousins444
63%
Jamal Mashburn502
56%
Julius Randle451
38%
Peja Stojaković421
38%
Tyreke Evans411
13%

Score Distribution

Percentile by Number Answered

Percent of People with Each Score

Your Score History

You have not taken this quiz